Quizzes
Events
Quiz Creation
Community
Videos
Private Events
Remove Ads
Sign In
Join for FREE
Feedback
Dark Mode
Quiz Categories
Sports
Geography
Music
Movies
Television
Just For Fun
Miscellaneous
History
Literature
Language
Science
Gaming
Entertainment
Religion
Holiday
For Kids
Quiz Lab
Recent
Popular Today
Quiz Kudos Today
Editor Picks
Curator Picks
Quizzes by...
Day
Popularity
Type
Ratings
Length
Year
Community
Subscriptions
Recent Discussions
Orange Saloon
Badges
Playlists
Quests
Create
Leaderboards
Showdown
Live 5
Trivia Bingo
Activity
Puzzle Library
Sporcle Events
Private Events
Virtual Trivia
Globe League
Become a Host
Pub Owners
SporcleCon
Opinionation
Our Games
Videos
Blog
Mobile Apps
Partnerships
Remove Ads and Go Orange
Feedback
Movies
Disney
Marvel Cinematic Universe
Movie Resume
Movie Titles
Oscar
Actor
Actress
Director
Pixar
Role
Movie Quotes
Movie Characters
Box Office
Nominee
Best Picture
Star Wars
James Bond
Horror Movies
Movies
Disney
Marvel Cinematic Universe
Movie Resume
Movie Titles
Oscar
Actor
Actress
Director
Pixar
Role
Movie Quotes
Movie Characters
Box Office
Nominee
Best Picture
Star Wars
James Bond
Horror Movies
Random Quiz
Search Sporcle
×
Quiz Lab
Quiz Lab
Movies
Movie Resume
Type in answers that appear in a list
Type in answers that appear in a list
Classic
Best Score? Go Orange.
Julianne Moore Movies Stats
Can you name the Julianne Moore Movies?
By
Gay
5m
53 Questions
1,223 Plays
1,223 Plays
1,223 Plays
Comments
Comments
Give Quiz Kudos
Give Quiz Kudos
-
- Ratings
hide this ad
Replay
Link that replays current quiz
Next Quiz
Link to next quiz in quiz playlist
You Got
0%
They Got
Avg Score
40%
Avg Friend Score
Upgrade to see
Score Distribution
Jump to the score distribution portion of the page
Score
0/53
Timer
05:00
0
Plays Today
Year
Movie
% Correct
1997
Boogie Nights
83.4%
1998
The Big Lebowski
82.6%
2002
The Hours
80.5%
2001
Hannibal
77.3%
2002
Far from Heaven
69%
1999
Magnolia
65.6%
2010
The Kids Are Alright
64.6%
1999
The End of the Affair
58.2%
2006
Children of Men
55.4%
1993
The Fugitive
53.4%
1995
Nine Months
53.3%
2004
The Forgotten
50.4%
1997
The Lost World: Jurassic Park
49.9%
2009
A Single Man
48.8%
1993
Short Cuts
48.7%
2011
Crazy, Stupid, Love
48.6%
1995
Safe
47%
2009
Chloe
46.9%
1992
The Hand that Rocks the Cradle
44.5%
2008
Blindness
44.2%
1998
Psycho
43.2%
2001
Evolution
42.6%
1999
An Ideal Husband
42.4%
2001
The Shipping News
41.4%
2004
Laws of Attraction
41.2%
1993
Benny and Joon
37.7%
1999
Cookie's Fortune
36%
Year
Movie
% Correct
1994
Vanya on 42nd Street
35.8%
2012
What Maisie Knew
35.6%
2005
The Prize Winner of Defiance, Ohio
34.9%
2006
Freedomland
34.9%
2012
Being Flynn
34.1%
1995
Assassins
33.5%
1999
A Map of the World
33.4%
2010
6 Souls
31.1%
2007
I'm Not There
30.7%
2005
Trust the Man
29.8%
2007
Next
29.7%
2007
Saving Grace
28.5%
1995
Roommates
28.4%
2009
The Private Lives of Pippa Lee
28.2%
2004
Marie and Bruce
27.6%
1992
The Gun in Betty Lou's Handbag
26.5%
2000
The Ladies Man
26%
2001
World Traveler
25.8%
1993
Body of Evidence
25.7%
1997
The Myth of Fingerprints
24%
2008
Eagle Eye
23.6%
1997
Chicago Cab
23.4%
2009
The Ballad of G.I. Joe
23.4%
1990
Tales from the Darkside: The Movie
23.2%
1996
Surviving Picasso
22.6%
2000
Not I
21.5%
Quiz Playlist
Details
Report
Send in Message
Add To Playlist
Classic:
Type in answers that appear in a list
Quiz Source
Last Updated: Jan 15, 2019
Quiz Scoreboard
CHALLENGE
Sign Up to Join the Scoreboard
Show All
Scores
Hide
Comments
May contain spoilers
Recently Published
Popular People in 1961
by mucciniale
History
6m
1-10 Letter E Words III
by El_Dandy
Language
2m
One Thing in Common: World Cities II
by knightlancer
Geography
7m
More to Explore
Quiz From the Vault
Featured Blog Post
Where Did the Easter Bunny Come From?
hide this ad
You Might Also Like...
Tags
Movie Resume Quiz
Character
Julianne Moore
moore
Today's Top Quizzes in Movies
Browse Movies
hide this ad
Today's Top Quizzes in Movie Resume
Browse Movie Resume
Top Contributed Quizzes in Movies
1
Multi-Oscar Nominations, One Movie, One Winner
2
12 Movies about Fictional 1960s Events
3
One Thing in Common: Movies
4
One Thing in Common: Movies II
5
Sunday Crossword: Film Score Composers
6
Three Word 'T' Movies Match Up
7
Three Word 'H' Movies Match Up
8
Three Word 'M' Movies Match Up
9
One Thing in Common: Oscars
10
Three Word 'P' Movies Match Up
Explore More
Trending Topics
Harry Potter
Marvel
Disney
Crossword
Kpop
Anime
NBA
NFL
Country
WWE
Soccer
Song
Pokémon
Puzzle
The Office
hide this ad
More By:
Gay
Quiz
Plays
Rating
Category
Featured
Created
Gay U.S. States
12,108
3.76
Geography
Dec 31, 2009
Second Largest City in Each U.S. State
3,629
4.14
Geography
Dec 31, 2009
Julianne Moore Movies
1,223
2.83
Movies
Dec 31, 2009
Jane Fonda Movies
667
5.00
Movies
Dec 31, 2009
Women's Tennis Tour Championship Winners
520
3.00
Sports
Jan 3, 2010
Go to Creator's Profile
Score Distribution
Quiz Creator Spotlight
Gay
Follow
Send a Message
Quizzes Created
-
Created Quiz Play Count
-
More By This Creator
Popular Quizzes Today
1
Find the US States - No Outlines Minefield
2
Find the Countries of Europe - No Outlines Minefield
3
The Countries of the World
4
Popular People in 1961
5
1-10 Letter E Words III
6
Find the US States
7
One Thing in Common: World Cities II
8
US States
More Movies Quizzes
Best Ten Soccer Movies
Quiz Lab
Trending Quizzes
Risky Map Clicking: Least Populous States A-Z
1-10 Letter F Words
1-10 Letter G Words
One Thing in Common: United Kingdom
Risky Map Clicking: Next State Alphabetically
Recently Updated
Leaping Animals
pecheneg
Reality TV Shows (A-Z)
bhenderson79
Rickey Henderson's Hall of Fame Teammates
pecheneg
Champions League XIs: Arsenal
pecheneg
Quick Pick: Celebrities in WWE's Hall of Fame
aduchscher
A-Z Keypad Blitz II
pecheneg
Multiple Oscar Actors
pecheneg
Mystery Phrase Blitz: Oscar 'Best Actors'
pecheneg
F. Scott Fitzgerald Novels
LTH
Pick 3 Villains
ddd62291
Trending Topics
Marvel
Anime
Disney
Kpop
NBA
Crossword
Harry Potter
Pokémon
The Office
Song
Soccer
WWE
Puzzle
NFL
Country
Your Account Isn't Verified!
In order to create a playlist on Sporcle, you need to verify the email address you used during registration. Go to your
Sporcle Settings
to finish the process.
Report this User
Report this user for behavior that violates our
Community Guidelines
.
Details:
Send Report
Go to the Sporcle.com Mobile Site →
Comments